Hearts of Iron IV - wszystkie państwa w grze - Statystyki

Ogólne statystyki
  • Ten quiz został rozwiązany 12 razy
  • Średni wynik to 68 z 99
Statystyki odpowiedzi
Status Mocarstwa (na 1936 r.) Państwo % Poprawnych
Mocarstwo Cesarstwo Japońskie
100%
Chińska Republika Radziecka
100%
Czechosłowacja
100%
Finlandia
100%
Mocarstwo Francja
100%
Grecja
100%
Hiszpania
100%
Jugosławia
100%
Norwegia
100%
Mocarstwo Państwo Włoskie
100%
Polska
100%
Portugalia
100%
Mocarstwo Rzesza Niemiecka
100%
Mocarstwo Stany Zjednoczone
100%
Turcja
100%
Mocarstwo Wielka Brytania
100%
Mocarstwo Związek Socjalistycznych Republik Radzieckich
100%
Australia
92%
Austria
92%
Belgia
92%
Chile
92%
Dania
92%
Dominium Kanady
92%
Druga Republika Brazylijska
92%
Etiopia
92%
Iran
92%
Irlandia
92%
Królestwo Węgier
92%
Nowa Zelandia
92%
Panama
92%
Szwecja
92%
Arabia Saudyjska
83%
Argentyna
83%
Bułgaria
83%
Estonia
83%
Jemen
83%
Królestwo Albanii
83%
Litwa
83%
Łotwa
83%
Luksemburg
83%
Mongolska Republika Ludowa
83%
Peru
83%
Rumunia
83%
Sułtanat Muskatu i Omanu
83%
Szwajcaria
83%
Tybet
83%
Urugwaj
83%
Wenezuela
83%
Ekwador
75%
Holandia
75%
Kolumbia
75%
Królestwo Afganistanu
75%
Królestwo Iraku
75%
Kuba
75%
Liberia
75%
Meksyk
75%
Nepal
75%
Neutralna Nikaragua
75%
Wspólnota Filipin
75%
Bhutan
67%
Boliwia
67%
Od wersji 1.15. Kongo Belgijskie
67%
Kostaryka
67%
Dominikana
58%
Gwatemala
58%
Haiti
58%
Hindia Belanda
58%
Islandia
58%
Palestyna Mandatowa
58%
Paragwaj
58%
Południowa Afryka
58%
Salwador
58%
Honduras
50%
Malaya
50%
Republika Syrii
50%
Tuwińska Republika Ludowa
50%
Birma Brytyjska
42%
Brytyjskie Cesarstwo Indyjskie
42%
Emirat Transjordanii
42%
Mandżukuo
42%
Sinciang
42%
Szejkanat Kuwejtu
42%
Klika z Kuangsi
33%
Królestwo Syjamu
33%
Państwo Chińskie
33%
Republika Libanu
33%
Sułtanat Aussy
33%
Mengjiang
25%
Shanxi
25%
Yunnan
25%
Od wersji 1.17. Gansu Ma
17%
Od wersji 1.17. Hebei-Chahar
17%
Od wersji 1.17. Khotan Ma
17%
Od wersji 1.17. Klika Szantung
17%
Od wersji 1.17. Ningxia Ma
17%
Od wersji 1.17. Armia Północno-Wschodnia
8%
Od wersji 1.17. Klika Syczuan
8%
Od wersji 1.17. Qinghai Ma
8%
Od wersji 1.17. Klika z Guangdong
0%
Nie znaleziono quizów pasujących do podanych kryteriów
Rozkład punktacji
Procent ludzi z każdym wynikiem
Percentyl według liczby udzielonych odpowiedzi
Twoja historia wyników
Nie rozwiązałeś tego quizu